Villes d'Europe sur une carte par lettre - C - Statistiques

Statistiques générales
  • Ce quiz a été pris 296 fois
  • Le résultat moyen est 6 sur 10
Réponses sur la Carte
Les réponses sont colorées sur une échelle allant du rouge au vert en fonction du pourcentage des utilisateurs qui les ont devinées à leur premier essai. Vous pouvez retrouver ces pourcentages ci-dessous.
 
Statistiques - réponses
Ville en C % Correct
Clermont-Ferrand
89%
Copenhague
89%
Cracovie
84%
Cologne
81%
Chișinău
79%
Cork
72%
Cadix
49%
Cluj-Napoca
40%
Corfou
35%
Coimbra
32%
Aucun quiz correspondant
Distribution des résultats
% des personnes avec chaque résultat
Percentile par nombre de réponses
Votre historique - résultats
Vous n’avez pas pris ce quiz